| 000 | 01133naa a22003257a 4500 | ||
|---|---|---|---|
| 001 | BR7400677 | ||
| 003 | BR-BrBNA | ||
| 005 | 20240918173551.0 | ||
| 007 | ta | ||
| 008 | 230509b bl.||||| |||| 00| 0 por d | ||
| 040 |
_aBR-BrBNA _bpor _cBiblioteca Nacional de Agricultura |
||
| 041 | _a(Pt) | ||
| 072 |
_aF30 _b0150 |
||
| 090 | _aF30 BR7400677 | ||
| 100 | 1 | _aEstrela, P.M.A. | |
| 100 | 1 | _aCarmona, P.S. | |
| 111 | 1 |
_a2. Reuniao Geral da Cultura do Arroz IRGA-IPEAS _cCachoeirinha, RS (Brazil) _d17 jul 1972 |
|
| 245 | 1 | _aEnsaio regional e cultivares e linhagens de arroz irrigado [Oryza sativa] | |
| 260 | 3 |
_aPorto Alegre, RS (Brasil): _c1972. |
|
| 500 | _a2. Reuniao Geral da Cultura do Arroz IRGA-IPEAS Porto Alegre, RS (Brasil): 1972. p. 47-49 (BR7400677-AM)F30 | ||
| 650 | _aGENETICA VEGETAL | ||
| 650 | _aVARIEDADE | ||
| 650 | _aARROZ | ||
| 650 | _aLINHAGEM | ||
| 650 | _aARROZ IRRIGADO | ||
| 650 | _aRIO GRANDE DO SUL | ||
| 773 | 0 |
_t2. Reuniao Geral da Cultura do Arroz IRGA-IPEAS _wF30 BR7400677 _gPorto Alegre, RS (Brasil), 1972. p. 47-49 |
|
| 909 |
_a202404 _bLucia _c55 _dLucia Elande |
||
| 942 |
_cAM _2AGRIS |
||
| 999 |
_c305452 _d305452 |
||